000 00973cam a2200301 i 4500
001 17869063
003 OSt
005 20150408114229.0
008 130829s2014 nyua 001 0 eng d
010 _a 2013949157
020 _a9781461491729
020 _a146149172X
035 _a(OCoLC)ocn876997411
040 _aUUM
_beng
_cUUM
_erda
_dOCLCO
_dDLC
042 _alccopycat
050 0 0 _aHG4026
_b.P95 2014
082 _222
_a658.15
_bPMA
100 1 _aPyles, Mark K.
245 1 0 _aApplied corporate finance :
_bquestions, problems and making decisions in the real world /
_cMark K. Pyles.
300 _axii, 338 pages :
_billustrations, some color ;
_c24 cm.
490 0 _aSpringer texts in business and economics
500 _aIncludes index.
650 0 _aCorporations
_xFinance.
906 _a7
_bcbc
_ccopycat
_d2
_encip
_f20
_gy-gencatlg
942 _2ddc
_cBOOK
999 _c36192
_d270692